000 00296 a2200145 4500
001 160477
020 _a85-15-00141-1
040 _cMagnum
240 1 0 _aA flauta mágica
_lpor
245 1 0 _aA flauta mágica
300 _a16
440 1 _aLoyola
697 _aLITERATURA INFANTO
942 _cBK
999 _c160477
_d160477